000 00701nam a2200253 i 4500
001 1798700
003 ARRUPE
005 20131203173622.0
008 790118s1977 enka b 001 0 eng
010 _a 78324339
015 _aGB78-05753
020 _a0140219854 :
_c£1.25
040 _aDLC
_cDLC
_dDLC
050 0 0 _aBC108
_b.H58
100 1 _aHodges, Wilfrid.
_94897
245 1 0 _aLogic /
_cby Wilfrid Hodges.
260 _aHarmondsworth ;
_aNew York :
_bPenguin,
_c1977.
300 _a331 p. :
_bill. ;
_c19 cm.
500 _aIncludes index.
504 _aBibliography: p. 325.
650 0 _aLogic.
_94898
906 _a7
_bcbc
_corignew
_d4
_encip
_f19
_gy-gencatlg
942 _2lcc
_cMONOGRAPH
999 _c119010
_d119010